[Event "Basel Special op"]
[Site "Basel"]
[Date "2021.07.20"]
[Round "6"]
[White "Stoffregen, Guenter"]
[Black "Pabst, Max"]
[Result "1-0"]
[WhiteElo "1647"]
[BlackElo "1378"]
[PlyCount "63"]
[EventDate "2021.07.17"]
[EventType "swiss"]
[EventRounds "6"]
[EventCountry "SUI"]
[SourceTitle "CBM 203 Extra"]
[Source "ChessBase"]
[SourceDate "2021.09.30"]
[SourceVersion "1"]
[SourceVersionDate "2021.09.30"]
[SourceQuality "1"]

1. e4 e5 2. f4 Nc6 3. Nf3 d6 4. Nc3 Nf6 5. Bc4 Be7 6. h3 a6 7. Bb3 h6 8. 0-0 0-0 9. d4 exf4 10. Bxf4 Re8 11. Qe2 Nh5 12. Bh2 Bg5 13. Nxg5 Qxg5 14. Bxf7+ Kh8 15. Bxe8 Bxh3 16. Bxh5 Nxd4 17. Qf2 Kh7 18. Qg3 Qxh5 19. Qxh3 Qc5 20. Kh1 Nxc2 21. Rac1 Ne3 22. Bg1 Re8 23. Bxe3 Qa5 24. Qf5+ Qxf5 25. Rxf5 c6 26. Rf7 b5 27. Bd4 Rg8 28. Nxb5 axb5 29. Rxc6 b4 30. Rxd6 h5 31. Kh2 Ra8 32. Rxg7+ 1-0

[Event "Biel HTO 53rd"]
[Site "Biel"]
[Date "2020.07.20"]
[Round "1"]
[White "Lorscheid, Gerhard"]
[Black "Stoffregen, Guenter"]
[Result "1-0"]
[WhiteElo "2241"]
[BlackElo "1691"]
[PlyCount "41"]
[EventDate "2020.07.20"]
[EventType "swiss"]
[EventRounds "9"]
[EventCountry "SUI"]
[SourceTitle "CBM 197"]
[Source "ChessBase"]
[SourceDate "2020.08.31"]
[SourceVersion "1"]
[SourceVersionDate "2020.08.31"]
[SourceQuality "1"]

1. d4 d5 2. c4 c6 3. Nc3 Nf6 4. e3 Bf5 5. cxd5 cxd5 6. Qb3 Qb6 7. Nxd5 Nxd5 8. Qxd5 e6 9. Qb5+ Nd7 10. Bd2 Bd6 11. Nf3 Ke7 12. Ba5 Qxb5 13. Bxb5 Rac8 14. 0-0 a6 15. Ba4 b5 16. Bb3 b4 17. Rfc1 Be4 18. Nd2 Bd5 19. e4 Rxc1+ 20. Rxc1 Bf4 21. Bxb4+ 1-0

[Event "Bodensee Seniors op 2nd"]
[Site "Bregenz"]
[Date "2016.04.30"]
[Round "1"]
[White "Frick, Christoph"]
[Black "Stoffregen, Guenter"]
[Result "1-0"]
[WhiteElo "2230"]
[BlackElo "1859"]
[PlyCount "67"]
[EventDate "2016.04.30"]
[EventType "swiss"]
[EventRounds "9"]
[EventCountry "AUT"]
[SourceTitle "CBM 172 Extra"]
[Source "ChessBase"]
[SourceDate "2016.06.21"]
[SourceVersion "1"]
[SourceVersionDate "2016.06.21"]
[SourceQuality "1"]

1. Nc3 d5 2. e4 d4 3. Nce2 c5 4. Ng3 Nc6 5. Nf3 e5 6. Bc4 Nf6 7. Ng5 Be6 8. Nxe6 fxe6 9. Bxe6 Qd6 10. Bc4 a6 11. 0-0 b5 12. Be2 g6 13. a4 b4 14. Bc4 Na5 15. Be2 Bg7 16. d3 0-0 17. f4 Nc6 18. f5 Ne7 19. Bd2 a5 20. Qb1 Kh8 21. Qa2 gxf5 22. Nxf5 Nxf5 23. Rxf5 Nd7 24. Raf1 Bh6 25. Be1 Bf4 26. Bg4 Qh6 27. g3 Be3+ 28. Kg2 Qg7 29. Qe6 Rg8 30. Bh5 Rgf8 31. Rf7 Rxf7 32. Rxf7 Qg5 33. Rxd7 Qxh5 34. Qf6+ 1-0

[Event "Liechtenstein op Seniors"]
[Site "Triesen"]
[Date "2013.05.11"]
[Round "9"]
[White "Stoffregen, Guenter"]
[Black "Hohler, Peter"]
[Result "0-1"]
[WhiteElo "1851"]
[BlackElo "2194"]
[PlyCount "78"]
[EventDate "2013.05.03"]
[EventType "swiss"]
[EventRounds "9"]
[EventCountry "LIE"]
[SourceTitle "CBM 154 Extra"]
[Source "ChessBase"]
[SourceDate "2013.06.25"]
[SourceVersion "2"]
[SourceVersionDate "2013.06.25"]
[SourceQuality "1"]

1. e4 e5 2. Nf3 Nc6 3. Bb5 a6 4. Ba4 Nf6 5. d3 b5 6. Bb3 Be7 7. c3 d6 8. h3 0-0 9. 0-0 Na5 10. Bc2 c5 11. Re1 Nc6 12. Bg5 h6 13. Bh4 Nh7 14. Bxe7 Qxe7 15. Nbd2 Ng5 16. Nxg5 Qxg5 17. Nf3 Qh5 18. Kh2 Kh8 19. d4 cxd4 20. cxd4 Bg4 21. Qd3 Bxf3 22. gxf3 Nxd4 23. Bd1 Qh4 24. Rg1 f5 25. exf5 Rxf5 26. Rg4 Qxf2+ 27. Rg2 Qh4 28. Rg4 Qf6 29. Rg3 Rf8 30. Kg2 Rg5 31. Rg4 h5 32. Rxg5 Qxg5+ 33. Kh2 h4 34. Be2 Qg3+ 35. Kh1 Qxh3+ 36. Kg1 Nxf3+ 37. Bxf3 Rxf3 38. Qe4 Rg3+ 39. Kf2 Qh2+ 0-1

[Event "Liechtenstein op Seniors"]
[Site "Triesen"]
[Date "2013.05.10"]
[Round "8"]
[White "Adler, Wilfried"]
[Black "Stoffregen, Guenter"]
[Result "1/2-1/2"]
[WhiteElo "1978"]
[BlackElo "1851"]
[PlyCount "52"]
[EventDate "2013.05.03"]
[EventType "swiss"]
[EventRounds "9"]
[EventCountry "LIE"]
[SourceTitle "CBM 154 Extra"]
[Source "ChessBase"]
[SourceDate "2013.06.25"]
[SourceVersion "2"]
[SourceVersionDate "2013.06.25"]
[SourceQuality "1"]

1. c4 c5 2. Nc3 e6 3. e4 Nc6 4. g3 Nf6 5. Bg2 Be7 6. Nge2 0-0 7. 0-0 b6 8. d4 cxd4 9. Nxd4 Nxd4 10. Qxd4 Bc5 11. Qd3 Bb7 12. Bg5 e5 13. Rad1 Bc6 14. Qf3 Be7 15. Rd3 h6 16. Bxf6 Bxf6 17. Nd5 Be7 18. Rfd1 Bc5 19. b3 b5 20. cxb5 Bxb5 21. R3d2 Rc8 22. Bf1 Bc6 23. Bc4 a5 24. Ne3 Qb6 25. Nd5 Qb7 26. Qe2 Kh8 1/2-1/2

[Event "Liechtenstein op Seniors 11th"]
[Site "Triesen"]
[Date "2011.06.03"]
[Round "8"]
[White "Stoffregen, Guenter"]
[Black "Kock, Hans Uwe"]
[Result "0-1"]
[WhiteElo "1872"]
[BlackElo "2079"]
[PlyCount "82"]
[EventDate "2011.05.27"]
[EventType "swiss"]
[EventRounds "9"]
[EventCountry "LIE"]
[SourceTitle "EXT 2012"]
[Source "ChessBase"]
[SourceDate "2011.11.24"]
[SourceVersion "1"]
[SourceVersionDate "2011.11.24"]
[SourceQuality "1"]

1. e4 c6 2. d4 d5 3. Nc3 g6 4. Nf3 Bg7 5. exd5 cxd5 6. Bf4 a6 7. Be2 Nc6 8. 0-0 Nf6 9. Re1 0-0 10. h3 Re8 11. a3 Ne4 12. Qd3 Bf5 13. Qe3 Nxc3 14. Qxc3 Rc8 15. Qd2 Na5 16. Bd3 Bxd3 17. Qxd3 Nc4 18. b3 Nd6 19. Rac1 b5 20. Re2 e6 21. Ne5 f6 22. Ng4 Nf5 23. Rce1 Qb6 24. Rd1 Rc6 25. Ne3 Nxe3 26. Rxe3 Rec8 27. Rd2 Kf7 28. Qe2 Qd8 29. h4 Qe7 30. b4 Rc4 31. Rf3 Kg8 32. Re3 R8c6 33. Qf3 Qa7 34. Qe2 Kf7 35. Qd1 Qd7 36. g4 Qc8 37. Ree2 e5 38. dxe5 Rxf4 39. e6+ Rxe6 40. Rxd5 Rxe2 41. Qxe2 Qxg4+ 0-1

[Event "Zuerich Seniors op 08th"]
[Site "Zuerich"]
[Date "2010.01.26"]
[Round "2"]
[White "Stoffregen, Guenter"]
[Black "Bhend, Edwin"]
[Result "0-1"]
[WhiteElo "1872"]
[BlackElo "2291"]
[PlyCount "34"]
[EventDate "2010.01.25"]
[EventType "swiss"]
[EventRounds "9"]
[EventCountry "SUI"]
[SourceTitle "EXT 2022"]
[Source "ChessBase"]
[SourceDate "2021.10.06"]
[SourceVersion "1"]
[SourceVersionDate "2021.10.06"]
[SourceQuality "1"]

1. e4 c5 2. Nf3 Nc6 3. c3 d5 4. exd5 Qxd5 5. d4 Nf6 6. Be2 e6 7. 0-0 cxd4 8. cxd4 Be7 9. Nc3 Qd6 10. Nb5 Qd8 11. Bf4 Nd5 12. Be3 0-0 13. Rc1 Bd7 14. g3 Qb6 15. Qd2 f5 16. Bf4 a6 17. Ne5 Nxe5 0-1

[Event "Liechtenstein op 27th"]
[Site "Triesen"]
[Date "2009.05.16"]
[Round "2"]
[White "Stoffregen, Guenter"]
[Black "Bezler, Rainer"]
[Result "0-1"]
[WhiteElo "1887"]
[BlackElo "2281"]
[PlyCount "60"]
[EventDate "2009.05.15"]
[EventType "swiss"]
[EventRounds "9"]
[EventCountry "LIE"]
[SourceTitle "CBM 130 Extra"]
[Source "ChessBase"]
[SourceDate "2009.07.02"]
[SourceVersion "2"]
[SourceVersionDate "2009.07.15"]
[SourceQuality "1"]

1. e4 e5 2. Nf3 Nc6 3. Bb5 a6 4. Ba4 b5 5. Bb3 Be7 6. 0-0 Nf6 7. Re1 d6 8. c3 0-0 9. h3 Nd7 10. d4 Nb6 11. Nbd2 exd4 12. cxd4 Na5 13. Bc2 c5 14. Nf1 Nc6 15. b3 a5 16. a3 a4 17. Bb2 axb3 18. Bxb3 c4 19. Bc2 d5 20. Ng3 Be6 21. Qb1 g6 22. e5 b4 23. axb4 Nxb4 24. Rd1 Qc7 25. Bc3 Rxa1 26. Bxa1 Bd7 27. Rd2 Nxc2 28. Rxc2 Ba4 29. Rb2 c3 30. Rxb6 c2 0-1

[Event "EU-ch Seniors 08th"]
[Site "Davos"]
[Date "2008.08.13"]
[Round "5"]
[White "Trifunovic, Dusan"]
[Black "Stoffregen, Guenter"]
[Result "1-0"]
[WhiteElo "1927"]
[BlackElo "1865"]
[PlyCount "83"]
[EventDate "2008.08.09"]
[EventType "swiss"]
[EventRounds "9"]
[EventCountry "SUI"]
[SourceTitle "CBM 126 Extra"]
[Source "ChessBase"]
[SourceDate "2008.11.05"]
[SourceVersion "1"]
[SourceVersionDate "2008.11.05"]
[SourceQuality "1"]

1. e4 e6 2. d4 d5 3. Nc3 Nf6 4. Bg5 Be7 5. e5 Nfd7 6. h4 a6 7. Qg4 f5 8. exf6 Nxf6 9. Qg3 c5 10. Be3 0-0 11. Nf3 c4 12. Ne5 Nc6 13. 0-0-0 Nxe5 14. dxe5 Ne8 15. Bxc4 Qc7 16. Bd3 b5 17. h5 Bb4 18. Ne2 Kh8 19. Nf4 Rf7 20. Qg4 Bf8 21. Nh3 Qxe5 22. Ng5 Qc7 23. Nxf7+ Qxf7 24. Bg6 Qe7 25. Bxe8 Qxe8 26. h6 e5 27. hxg7+ Bxg7 28. Qh4 Qg8 29. Rxd5 Bf5 30. Rhd1 Rc8 31. c3 Rf8 32. Rd8 Bf6 33. Rxf8 Qxf8 34. Bg5 Kg7 35. Bxf6+ Qxf6 36. Qxf6+ Kxf6 37. Rd6+ Kg5 38. Rxa6 Bd3 39. Kd2 Bf1 40. g3 Kg4 41. Ke3 b4 42. Ra4 1-0

[Event "Zuerich Seniors op 05th"]
[Site "Zuerich"]
[Date "2007.01.25"]
[Round "4"]
[White "Capraro, Linus"]
[Black "Stoffregen, Guenter"]
[Result "0-1"]
[WhiteElo "1989"]
[BlackElo "1804"]
[PlyCount "90"]
[EventDate "2007.01.22"]
[EventType "swiss"]
[EventRounds "9"]
[EventCountry "SUI"]
[SourceTitle "EXT 2022"]
[Source "ChessBase"]
[SourceDate "2021.10.06"]
[SourceVersion "1"]
[SourceVersionDate "2021.10.06"]
[SourceQuality "1"]

1. e4 e6 2. d3 d5 3. Nd2 g6 4. Ngf3 Bg7 5. g3 Ne7 6. Bg2 0-0 7. 0-0 b6 8. Re1 Bb7 9. Qe2 Nd7 10. Nf1 Re8 11. e5 c5 12. c3 d4 13. c4 Qc7 14. Bf4 h6 15. h4 b5 16. b3 bxc4 17. bxc4 Rab8 18. N1h2 h5 19. g4 hxg4 20. Nxg4 Nf5 21. Ngh2 Bc6 22. Bh3 Qb7 23. h5 Nf8 24. Ng5 Nh6 25. Ng4 Qb2 26. Nxh6+ Bxh6 27. Qxb2 Rxb2 28. Nxe6 Bxf4 29. Nxf4 gxh5 30. Nxh5 Reb8 31. Nf6+ Kg7 32. Nh5+ Kh6 33. Ng3 Ng6 34. e6 Nf4 35. Bf5 fxe6 36. Bg4 Kg5 37. Bxe6 Nxd3 38. Re2 Bf3 39. Rxb2 Rxb2 40. Bf5 Ne5 41. Be4 Kf4 42. Re1 d3 43. Bxd3 Nxd3 44. Re7 Nxf2 45. Rg7 Nh3+ 0-1

[Event "Zuerich Seniors op 05th"]
[Site "Zuerich"]
[Date "2007.01.24"]
[Round "3"]
[White "Stoffregen, Guenter"]
[Black "Hertli, Juerg"]
[Result "1-0"]
[WhiteElo "1804"]
[BlackElo "2020"]
[PlyCount "89"]
[EventDate "2007.01.22"]
[EventType "swiss"]
[EventRounds "9"]
[EventCountry "SUI"]
[SourceTitle "EXT 2022"]
[Source "ChessBase"]
[SourceDate "2021.10.06"]
[SourceVersion "1"]
[SourceVersionDate "2021.10.06"]
[SourceQuality "1"]

1. e4 g6 2. d4 Bg7 3. Nc3 c5 4. Nf3 cxd4 5. Nxd4 d6 6. Be3 Nf6 7. Bc4 0-0 8. f3 Qc7 9. Bb3 a6 10. Qd2 Rd8 11. 0-0-0 b5 12. Kb1 Nbd7 13. g4 Nc5 14. h4 e6 15. h5 b4 16. Na4 Bd7 17. Qxb4 Rab8 18. Qc3 Bxa4 19. Bxa4 Rxb2+ 20. Qxb2 Nxa4 21. Qa3 Nc3+ 22. Kc1 Nxd1 23. Kxd1 d5 24. e5 Qxe5 25. hxg6 hxg6 26. Nc6 Qa1+ 27. Bc1 Bf8 28. Qb2 Qxb2 29. Bxb2 Rd6 30. Bxf6 Bg7 31. Bxg7 Kxg7 32. Ne5 g5 33. Kd2 Rb6 34. Nd3 f6 35. c3 Rb5 36. Kc2 Rb6 37. Rb1 Rd6 38. Rb7+ Kg6 39. Nc5 f5 40. Nd7 fxg4 41. fxg4 d4 42. c4 d3+ 43. Kd2 Rd4 44. c5 e5 45. Rb6+ 1-0

[Event "Zuerich Seniors op 05th"]
[Site "Zuerich"]
[Date "2007.??.??"]
[Round "?"]
[White "Zindel, Ernst"]
[Black "Stoffregen, Guenter"]
[Result "0-1"]
[WhiteElo "1948"]
[BlackElo "1804"]
[PlyCount "32"]
[EventDate "2007.01.22"]
[EventType "swiss"]
[EventRounds "9"]
[EventCountry "SUI"]
[SourceTitle "EXT 2022"]
[Source "ChessBase"]
[SourceDate "2021.10.06"]
[SourceVersion "1"]
[SourceVersionDate "2021.10.06"]
[SourceQuality "1"]

1. e4 e5 2. f4 Bc5 3. Nf3 d6 4. c3 Nf6 5. d4 exd4 6. cxd4 Bb6 7. Nc3 Bg4 8. Be3 Nc6 9. Qd2 a6 10. Be2 d5 11. e5 Ne4 12. Nxe4 dxe4 13. 0-0-0 exf3 14. gxf3 Bf5 15. d5 Ba5 16. b4 Nxb4 0-1

[Event "EU-ch Seniors 06th"]
[Site "Davos"]
[Date "2006.08.13"]
[Round "9"]
[White "Stoffregen, Guenter"]
[Black "Schirmer, Werner"]
[Result "0-1"]
[WhiteElo "1941"]
[BlackElo "2076"]
[PlyCount "48"]
[EventDate "2006.08.05"]
[EventType "swiss"]
[EventRounds "9"]
[EventCountry "SUI"]
[SourceTitle "CBM 113 Extra"]
[Source "ChessBase"]
[SourceDate "2006.09.14"]
[SourceVersion "1"]
[SourceVersionDate "2006.09.14"]
[SourceQuality "1"]

1. e4 c5 2. Nf3 Nc6 3. d4 cxd4 4. Nxd4 g6 5. Be3 Bg7 6. Nc3 Nf6 7. Bc4 Qa5 8. Nb3 Qc7 9. f3 0-0 10. Qd2 Ne5 11. Be2 Nc4 12. Bxc4 Qxc4 13. 0-0-0 d6 14. Kb1 Be6 15. g4 Rfc8 16. h4 h5 17. g5 Nd7 18. Nd4 Ne5 19. f4 Nc6 20. Nxc6 Rxc6 21. Nd5 Bxd5 22. exd5 Ra6 23. b3 Rxa2 24. Bd4 Bxd4 0-1

[Event "EU-ch Seniors 06th"]
[Site "Davos"]
[Date "2006.08.12"]
[Round "8"]
[White "Hicker, Harald"]
[Black "Stoffregen, Guenter"]
[Result "1-0"]
[WhiteElo "2136"]
[BlackElo "1941"]
[PlyCount "53"]
[EventDate "2006.08.05"]
[EventType "swiss"]
[EventRounds "9"]
[EventCountry "SUI"]
[SourceTitle "CBM 113 Extra"]
[Source "ChessBase"]
[SourceDate "2006.09.14"]
[SourceVersion "1"]
[SourceVersionDate "2006.09.14"]
[SourceQuality "1"]

1. d4 d5 2. c4 e6 3. Nc3 Nf6 4. Bg5 Nbd7 5. e3 c6 6. cxd5 exd5 7. Bd3 Be7 8. Qc2 0-0 9. Nf3 Re8 10. 0-0 Nf8 11. Rfe1 Ne4 12. Bxe7 Qxe7 13. Nd2 f5 14. f3 Nd6 15. e4 fxe4 16. fxe4 dxe4 17. Ncxe4 Bd7 18. Nf3 Nxe4 19. Rxe4 Qb4 20. Bc4+ Kh8 21. a3 Qa5 22. Ne5 Be6 23. Rae1 Bd5 24. Ng6+ hxg6 25. Rxe8 Rxe8 26. Rxe8 Kg8 27. Qf2 1-0

[Event "EU-ch Seniors 06th"]
[Site "Davos"]
[Date "2006.08.10"]
[Round "6"]
[White "Krebs, Dietmar"]
[Black "Stoffregen, Guenter"]
[Result "1/2-1/2"]
[WhiteElo "2134"]
[BlackElo "1941"]
[PlyCount "38"]
[EventDate "2006.08.05"]
[EventType "swiss"]
[EventRounds "9"]
[EventCountry "SUI"]
[SourceTitle "CBM 113 Extra"]
[Source "ChessBase"]
[SourceDate "2006.09.14"]
[SourceVersion "1"]
[SourceVersionDate "2006.09.14"]
[SourceQuality "1"]

1. e4 e6 2. d3 d5 3. Nd2 c5 4. Ngf3 Nc6 5. g3 g6 6. Bg2 Bg7 7. 0-0 Nf6 8. Re1 0-0 9. Nf1 dxe4 10. dxe4 Qxd1 11. Rxd1 Nxe4 12. c3 e5 13. Ng5 Nxg5 14. Bxg5 Be6 15. b3 Rac8 16. Nd2 f5 17. Nc4 Bxc4 18. bxc4 h6 19. Be3 Rcd8 1/2-1/2

[Event "EU-ch Seniors 06th"]
[Site "Davos"]
[Date "2006.08.05"]
[Round "1"]
[White "Stoffregen, Guenter"]
[Black "Shestoperova, Aleksandra S"]
[Result "1/2-1/2"]
[WhiteElo "1941"]
[BlackElo "2163"]
[PlyCount "157"]
[EventDate "2006.08.05"]
[EventType "swiss"]
[EventRounds "9"]
[EventCountry "SUI"]
[SourceTitle "CBM 113 Extra"]
[Source "ChessBase"]
[SourceDate "2006.09.14"]
[SourceVersion "1"]
[SourceVersionDate "2006.09.14"]
[SourceQuality "1"]

1. e4 c5 2. Nf3 a6 3. d4 cxd4 4. Nxd4 e5 5. Nb3 Nf6 6. Nc3 Nc6 7. Be3 b5 8. a3 d6 9. Be2 Be7 10. 0-0 0-0 11. Kh1 Be6 12. f4 exf4 13. Bxf4 Ne5 14. Nd4 Rc8 15. Nxe6 fxe6 16. Bxe5 dxe5 17. Bg4 Qb6 18. Bf3 Rcd8 19. Qe2 Rd6 20. Rad1 Rfd8 21. Rxd6 Rxd6 22. Rd1 Rd4 23. Rd3 b4 24. axb4 Rxb4 25. b3 Rd4 26. Na4 Qd6 27. h3 Rxd3 28. Qxd3 Qxd3 29. cxd3 Nd7 30. Kg1 Bc5+ 31. Kf1 Bd4 32. Ke2 Kf7 33. Kd2 Ke7 34. b4 Kd6 35. Kc2 Kc6 36. Kb3 Kb5 37. Bg4 Nf8 38. h4 a5 39. bxa5 Kxa5 40. h5 Kb5 41. Bh3 Kc6 42. Kc4 Kd6 43. g4 h6 44. Bf1 Kc6 45. Be2 Nh7 46. Bd1 Ng5 47. Nc3 Bxc3 48. Kxc3 Kc5 49. Be2 Nf7 50. Bd1 Nd6 51. Ba4 Nb7 52. Bd7 Kd6 53. Bb5 Kc5 54. Bd7 Nd8 55. Be8 Kd6 56. Kc4 Ke7 57. Ba4 Nf7 58. Kc5 Ng5 59. Bd1 Nh3 60. Be2 Nf4 61. Bf1 g6 62. hxg6 Nxg6 63. d4 Kf6 64. d5 exd5 65. exd5 Nf4 66. Kc6 Ke7 67. Bc4 Kd8 68. Kd6 h5 69. gxh5 Nxh5 70. Kxe5 Ng7 71. Bb5 Nh5 72. Kf5 Ke7 73. Ke5 Ng7 74. d6+ Kd8 75. Kf6 Nh5+ 76. Kg5 Ng3 77. Kf4 Nh5+ 78. Ke5 Ng7 79. Kd5 1/2-1/2

[Event "SUI-ch int"]
[Site "Saas Almagell"]
[Date "2005.07.13"]
[Round "7"]
[White "Stoffregen, Guenter"]
[Black "Sprenger, Manuel"]
[Result "0-1"]
[WhiteElo "1945"]
[BlackElo "1869"]
[PlyCount "46"]
[EventDate "2005.07.07"]
[EventType "swiss"]
[EventRounds "9"]
[EventCountry "SUI"]
[SourceTitle "CBM 107 Extra"]
[Source "ChessBase"]
[SourceDate "2005.09.01"]
[SourceVersion "1"]
[SourceVersionDate "2005.09.01"]
[SourceQuality "1"]

1. e4 c5 2. Nf3 Nc6 3. d4 cxd4 4. Nxd4 Nf6 5. Nc3 a6 6. Bc4 e5 7. Nf5 Na5 8. Bd3 d5 9. exd5 e4 10. Ng3 exd3 11. 0-0 Nxd5 12. Re1+ Be7 13. Bg5 0-0 14. Rxe7 Nxe7 15. Qh5 f6 16. Bd2 dxc2 17. Nce4 Nc4 18. Bb4 Nxb2 19. Qc5 Qd1+ 20. Nf1 Qxa1 21. Qxe7 Qxf1+ 22. Kxf1 c1Q+ 23. Ke2 Bg4+ 0-1

[Event "Zuerich Seniors op 3rd"]
[Site "Zuerich"]
[Date "2005.02.02"]
[Round "?"]
[White "Vollmer, Stefan"]
[Black "Stoffregen, Guenter"]
[Result "1-0"]
[WhiteElo "2002"]
[BlackElo "1818"]
[PlyCount "55"]
[EventDate "2005.01.24"]
[EventType "swiss"]
[EventRounds "9"]
[EventCountry "SUI"]
[SourceTitle "EXT 2007"]
[Source "ChessBase"]
[SourceDate "2006.11.23"]
[SourceVersion "1"]
[SourceVersionDate "2006.11.23"]
[SourceQuality "1"]

1. e4 e6 2. d4 d5 3. Nd2 Nf6 4. e5 Nfd7 5. Bd3 c5 6. c3 Nc6 7. Ne2 cxd4 8. cxd4 f6 9. f4 fxe5 10. fxe5 Nxd4 11. 0-0 Qb6 12. Kh1 Nc6 13. Nf3 Ndxe5 14. Nxe5 Nxe5 15. Bc2 Bd7 16. Bg5 Bd6 17. Ng3 g6 18. Nh5 Be7 19. Nf6+ Kd8 20. Qd2 Nc4 21. Qe2 Qd6 22. Bd3 Rc8 23. b3 Na3 24. Bf4 Qb4 25. Be5 Bd6 26. Nxd5 exd5 27. Bxh8 Qh4 28. Bf6+ 1-0

[Event "Winterthur op"]
[Site "Winterthur"]
[Date "2004.10.02"]
[Round "2"]
[White "Stoffregen, Guenter"]
[Black "Brunner, Werner"]
[Result "0-1"]
[WhiteElo "1984"]
[BlackElo "2203"]
[PlyCount "24"]
[EventDate "2004.10.01"]
[EventType "swiss"]
[EventRounds "9"]
[EventCountry "SUI"]
[SourceTitle "CBM 102 Extra"]
[Source "ChessBase"]
[SourceDate "2004.11.03"]
[SourceVersion "1"]
[SourceVersionDate "2004.11.03"]
[SourceQuality "1"]

1. e4 d5 2. exd5 Qxd5 3. Nc3 Qa5 4. d4 Nf6 5. Nf3 Nc6 6. Bc4 Bg4 7. Bd2 Qh5 8. Be2 0-0-0 9. Bf4 Qf5 10. Be5 Bxf3 11. Bd3 Bxd1 12. Bxf5+ e6 0-1